Process Systems Analysis and Control / (Record no. 565140)
[ view plain ]
| 000 -LEADER | |
|---|---|
| fixed length control field | 00386nam a2200133Ia 4500 |
| 008 - FIXED-LENGTH DATA ELEMENTS--GENERAL INFORMATION | |
| fixed length control field | 210430s9999 xx 000 0 und d |
| 020 ## - INTERNATIONAL STANDARD BOOK NUMBER | |
| International Standard Book Number | 978-1259098437 |
| 082 ## - DEWEY DECIMAL CLASSIFICATION NUMBER | |
| Classification number | 660.2815 H4429O |
| 100 ## - MAIN ENTRY--PERSONAL NAME | |
| Personal name | Donald R. Coughanowr, Steven E. Leblanc |
| 9 (RLIN) | 52092 |
| 245 ## - TITLE STATEMENT | |
| Title | Process Systems Analysis and Control / |
| Statement of responsibility, etc. | Donald R. Coughanowr |
| 250 ## - EDITION STATEMENT | |
| Edition statement | 3rd Edition |
| 300 ## - PHYSICAL DESCRIPTION | |
| Extent | 602 |
| 942 ## - ADDED ENTRY ELEMENTS (KOHA) | |
| Koha item type | Book |
| Source of classification or shelving scheme | |
| Withdrawn status | Lost status | Source of classification or shelving scheme | Damaged status | Not for loan | Permanent Location | Current Location | Shelving location | Date acquired | Total Checkouts | Full call number | Barcode | Date last seen | Date last checked out | Price effective from | Koha item type |
|---|---|---|---|---|---|---|---|---|---|---|---|---|---|---|---|
| School of Chemical & Materials Engineering (SCME) | School of Chemical & Materials Engineering (SCME) | General Stacks | 1 | 660.2815 H4429O | SCME-4428 | 07/02/2025 | 01/13/2025 | 04/30/2021 | Book |
